[Event "AUTO-ADV-2899"]
[Site "http://www.queenalice.com/game.php?id=1197874"]
[Date "2013.7.7"]
[Round "1"]
[White "erig1969"]
[Black "xavhi2006"]
[Result "1-0"]
[WhiteElo "1987"]
[BlackElo "1810"]

1. d4 d5 2. c4 c5 3. dxc5 d4 4. Nf3 Nc6 5. Bd2 e5 6. Bg5 f6 7. Bh4 Bxc5 8. a3
Bg4 9. Qd3 Bxf3 10. Qxf3 Qa5+ 11. Nd2 Bb4 12. O-O-O Nge7 13. e4 Bxd2+ 14. Rxd2
O-O 15. Rd3 Ng6 16. Bg3 Nf4 17. Bxf4 exf4 18. Qxf4 Ne5 19. Rg3 Qe1+ 20. Kc2 d3+
21. Bxd3 Qxh1 22. Kb3 Nxd3 23. Rxd3 Qxg2 24. Rg3 Qf1 25. Qg4 Rf7 26. f4 Rc8 27.
Qxc8+ Rf8 28. Qxb7 Qd1+ 29. Ka2 g6 30. Qd5+ Qxd5 31. exd5 Kf7 32. Re3 Rc8 33. b3
a5 34. d6 Rd8 35. c5 g5 36. fxg5 fxg5 37. Re7+ Kf8 38. Rxh7 Kg8 39. Rh5 Kf7 40.
Rxg5 Ke6 41. h4 Rh8 42. h5 Kf6 43. Rg6+ Kf7 44. d7 Ke7 45. c6 Rxh5 46. Rg7+ Kd8
47. Rg8+ Kc7 48. Rc8+ Kd6 49. d8=Q+ Kc5 50. Qxa5+ 1-0

[Event "AUTO-ADV-2899"]
[Site "http://www.queenalice.com/game.php?id=1197875"]
[Date "2013.7.7"]
[Round "1"]
[White "xavhi2006"]
[Black "gacer"]
[Result "0-1"]
[WhiteElo "1767"]
[BlackElo "1978"]

1. d4 Nf6 2. c4 e6 3. a3 d5 4. Bg5 Be7 5. Nc3 O-O 6. e3 Nbd7 7. Nf3 c6 8. c5 Re8
9. Bd3 Nf8 10. Ne5 N6d7 11. Bxe7 Qxe7 12. Qc2 Nxe5 13. dxe5 Qxc5 14. O-O-O a5
15. g4 Ng6 16. h4 Nxe5 17. Bxh7+ Kh8 18. Bd3 b5 19. h5 Nxg4 20. Kb1 b4 21. axb4
axb4 22. Na2 Qxc2+ 23. Bxc2 Nxf2 24. Nxb4 Nxd1 25. Bxd1 c5 26. Nc6 e5 27. h6 Bb7
28. hxg7+ Kxg7 29. Rg1+ Kf8 30. Rf1 Bxc6 31. Bh5 d4 32. Rxf7+ Kg8 33. exd4 Be4+
34. Kc1 Reb8 0-1

[Event "AUTO-ADV-2899"]
[Site "http://www.queenalice.com/game.php?id=1197876"]
[Date "2013.7.7"]
[Round "1"]
[White "gacer"]
[Black "xavhi2006"]
[Result "1-0"]
[WhiteElo "1883"]
[BlackElo "1850"]

1. e4 c5 2. Nf3 Nc6 3. d4 d5 4. exd5 Qxd5 5. Nc3 Qd8 6. d5 Nd4 7. Nxd4 cxd4 8.
Qxd4 Nf6 9. Ne4 Qa5+ 10. Bd2 Qxd5 11. Nxf6+ exf6 12. Qxd5 Be7 13. Bb5+ Kf8 14.
O-O-O g5 15. Rhe1 Be6 16. Rxe6 fxe6 17. Qxe6 a6 18. Bc4 Kg7 19. Qxe7+ Kg6 20.
Bf7+ Kh6 21. Qxf6# 1-0

[Event "AUTO-OPEN-3029"]
[Site "http://www.queenalice.com/game.php?id=1198164"]
[Date "2013.7.9"]
[Round "1"]
[White "massimo"]
[Black "xavhi2006"]
[Result "0-1"]
[WhiteElo "1843"]
[BlackElo "1808"]

1. e4 c5 2. c4 e5 3. Nc3 Nf6 4. Nf3 Nc6 5. d3 Nd4 6. Nxe5 d6 7. Nf3 Bg4 8. Be2
Be7 9. O-O O-O 10. Nxd4 cxd4 11. Nd5 Bxe2 12. Qxe2 Re8 13. f4 Nxd5 14. cxd5 Qd7
15. f5 Bf6 16. Rf3 g6 17. fxg6 Bg7 18. Qf2 fxg6 19. b3 Qg4 20. h3 Qh5 21. g4 Qe5
22. Bf4 Qe7 23. Qg3 Be5 24. Raf1 Rf8 25. Qf2 Bg7 26. h4 h6 27. Qh2 Be5 28. Bxe5
dxe5 29. h5 Rxf3 30. Rxf3 Qg5 31. hxg6 Qxg6 32. Qxe5 Rf8 33. Rg3 Qg5 34. Qe6+
Kg7 35. d6 Qc1+ 36. Kg2 Qf1+ 0-1

[Event "AUTO-OPEN-3029"]
[Site "http://www.queenalice.com/game.php?id=1198165"]
[Date "2013.7.9"]
[Round "1"]
[White "xavhi2006"]
[Black "massimo"]
[Result "1-0"]
[WhiteElo "1835"]
[BlackElo "1826"]

1. d4 d5 2. c4 Nf6 3. Nc3 e6 4. a3 Bd7 5. Bg5 Be7 6. Bxf6 Bxf6 7. cxd5 e5 8. e3
exd4 9. exd4 O-O 10. Nf3 Qe8+ 11. Be2 Bg4 12. O-O Nd7 13. Re1 Qd8 14. Ne5 Bxe2
15. Rxe2 Nb6 16. Qb3 c6 17. dxc6 Qxd4 18. cxb7 Rab8 19. Rd1 Qf4 20. g3 Qf5 21.
Rde1 Rxb7 22. Nd5 Rfb8 23. Nc6 Nd7 24. Re8+ Nf8 25. Rxb8 Rxb8 26. Qxb8 Qxd5 27.
Ne7+ Bxe7 28. Rxe7 Qc5 29. Rxa7 g6 30. b4 Qc1+ 31. Kg2 Kg7 32. Qe5+ Kh6 33. Rxf7
Qc6+ 34. Kh3 Nd7 35. Qg7+ 1-0

[Event "AUTO-OPEN-3029"]
[Site "http://www.queenalice.com/game.php?id=1198192"]
[Date "2013.7.9"]
[Round "1"]
[White "xavhi2006"]
[Black "VFA2013"]
[Result "0-1"]
[WhiteElo "1742"]
[BlackElo "1735"]

1. d4 d5 2. c4 e6 3. a3 Nf6 4. Nc3 c5 5. Bg5 dxc4 6. d5 exd5 7. Nxd5 Qxd5 8.
Bxf6 Qxd1+ 9. Rxd1 gxf6 10. e4 Be6 11. Ne2 Nc6 12. Nc3 a6 13. Nd5 Bxd5 14. exd5
Ne5 15. f4 Nd3+ 16. Bxd3 cxd3 17. Rxd3 O-O-O 18. O-O Bd6 19. f5 Be5 20. b3 Rhg8
21. Rc1 b6 22. g3 h5 23. Kf2 Kb7 24. Rc4 Bd4+ 25. Kf3 Rxd5 26. Ke4 Re5+ 27. Kf4
Rg4+ 28. Kf3 Rxf5+ 29. Kg2 Rf2+ 30. Kh3 f5 31. b4 Bf6 32. Rdc3 Bxc3 33. Rxc3 f4
34. bxc5 fxg3 35. hxg3 bxc5 36. Rxc5 Rf3 37. Rxh5 Rfxg3+ 38. Kh2 Rxa3 39. Rf5
Rb4 40. Rxf7+ Kb6 41. Kg2 Rb2+ 42. Kg1 Ra1+ 43. Rf1 Rxf1+ 44. Kxf1 Kc5 45. Ke1
Kc4 46. Kd1 Kd3 47. Kc1 Rh2 48. Kb1 Kc3 49. Ka1 Kb3 0-1

[Event "AUTO-OPEN-3029"]
[Site "http://www.queenalice.com/game.php?id=1198193"]
[Date "2013.7.9"]
[Round "1"]
[White "VFA2013"]
[Black "xavhi2006"]
[Result "0-1"]
[WhiteElo "1759"]
[BlackElo "1725"]

1. d4 d5 2. c4 c5 3. dxc5 d4 4. Nf3 Nc6 5. e3 e5 6. Nxe5 Bxc5 7. Nxc6 bxc6 8.
exd4 Bxd4 9. Be2 Nf6 10. O-O O-O 11. Qc2 Re8 12. Bg5 c5 13. Rd1 Bg4 14. Bxf6
Rxe2 15. Qxe2 Bxe2 16. Bxd8 Bxd1 17. Nc3 Bxc3 18. Rxd1 Bd4 19. Ba5 Bxb2 20. Rd8+
Rxd8 21. Bxd8 f6 22. Be7 Ba3 23. Kf1 Kf7 24. Bd6 Ke6 25. Bb8 a5 26. g4 f5 27. h3
fxg4 28. hxg4 g6 29. Ke2 h5 30. gxh5 gxh5 31. Kf3 Kf5 32. Bc7 a4 33. Bf4 Bb2 34.
Be3 Ba3 35. Kg3 Bb4 36. Kh4 Kg6 37. Kg3 Kf5 38. f3 Ba3 39. Kh4 Kg6 40. Bg5 Bb2
41. Be7 Bd4 42. Bd6 Be3 43. Kg3 Kg5 44. Be7+ Kf5 45. Bd6 Kg5 46. Be7+ Kf5 47.
Bd6 Bf4+ 48. Bxf4 h4+ 0-1

[Event "AUTO-OPEN-3029"]
[Site "http://www.queenalice.com/game.php?id=1198194"]
[Date "2013.7.9"]
[Round "1"]
[White "xavhi2006"]
[Black "Rochak"]
[Result "1-0"]
[WhiteElo "1791"]
[BlackElo "1889"]

1. d4 e6 2. e4 g6 3. f4 Bg7 4. Nf3 Nf6 5. Nc3 O-O 6. e5 Nd5 7. Nxd5 exd5 8. Bd3
d6 9. O-O Bg4 10. c4 dxe5 11. fxe5 Nc6 12. Be2 dxc4 13. Be3 f6 14. Bxc4+ Kh8 15.
e6 f5 16. d5 Nb4 17. Bd4 Kg8 18. Bxg7 Kxg7 19. Qb3 a5 20. Ng5 Qd6 21. a3 Na6 22.
Nf7 1-0

[Event "AUTO-OPEN-3029"]
[Site "http://www.queenalice.com/game.php?id=1198195"]
[Date "2013.7.9"]
[Round "1"]
[White "Rochak"]
[Black "xavhi2006"]
[Result "0-1"]
[WhiteElo "1911"]
[BlackElo "1769"]

1. e4 c5 2. Nf3 a6 3. d4 d5 4. Nc3 Bg4 5. Be3 Nc6 6. exd5 Nxd4 7. Bxd4 cxd4 8.
Qxd4 Bxf3 9. gxf3 Nf6 10. O-O-O Qd6 11. Qa4+ Nd7 12. Bb5 O-O-O 13. Bxd7+ Rxd7
14. Qc4+ Rc7 15. Qg4+ Kb8 16. Ne4 Qh6+ 17. f4 e5 18. Ng5 Qg6 19. f5 Qf6 20. Ne4
Qh6+ 21. Kb1 f6 22. d6 Rd7 0-1

[Event "AUTO-INT-2501"]
[Site "http://www.queenalice.com/game.php?id=1203474"]
[Date "2013.7.29"]
[Round "3"]
[White "TON7"]
[Black "xavhi2006"]
[Result "0-1"]
[WhiteElo "1688"]
[BlackElo "1840"]

1. e4 c5 2. Nf3 a6 3. Bc4 Nc6 4. O-O h6 5. d4 cxd4 6. Nxd4 e5 7. Qf3 Nf6 8. Nxc6
bxc6 9. Nc3 Bc5 10. Be3 Bxe3 11. Qxe3 O-O 12. Rad1 Bb7 13. Na4 Qc7 14. Qb6 Rac8
15. Qxc7 Rxc7 16. Nc5 d5 17. exd5 cxd5 18. Nxb7 Rxc4 19. c3 Rb8 20. Na5 Rc5 21.
Nb3 Rcb5 22. g3 a5 23. Rd2 a4 24. c4 dxc4 25. Nc1 Rxb2 26. Rxb2 Rxb2 27. Kg2 Ne4
28. a3 c3 29. Re1 Nxf2 30. Rxe5 Ne4+ 31. Kh3 Ng5+ 32. Kg4 Rxh2 33. Re3 c2 34.
Re1 Rf2 35. Re2 Rf1 36. Nd3 g6 37. Rxc2 f5+ 38. Kh4 Rh1+ 0-1

[Event "AUTO-INT-2501"]
[Site "http://www.queenalice.com/game.php?id=1203475"]
[Date "2013.7.29"]
[Round "3"]
[White "xavhi2006"]
[Black "TON7"]
[Result "1-0"]
[WhiteElo "1825"]
[BlackElo "1686"]

1. d4 d5 2. c4 dxc4 3. Nc3 Nf6 4. e4 c5 5. d5 Qd6 6. Bxc4 a6 7. Nf3 Qc7 8. e5
Ng4 9. Bf4 b5 10. d6 Qd7 11. Qd5 Nc6 12. Qxf7+ Kd8 13. O-O-O exd6 14. Bg5+ Ne7
15. Rxd6 Ra7 16. Rxd7+ Rxd7 17. Be6 Rc7 18. Rd1+ Bd7 19. Bxg4 Kc8 20. Qe8+ Kb7
21. Rxd7 Rxd7 22. Qxd7+ Kb6 23. Qd8+ Kc6 24. Bd7+ Kb7 25. Bxe7 1-0

[Event "AUTO-ADV-2938"]
[Site "http://www.queenalice.com/game.php?id=1209749"]
[Date "2013.8.20"]
[Round "1"]
[White "marcomasao"]
[Black "xavhi2006"]
[Result "1-0"]
[WhiteElo "1800"]
[BlackElo "1744"]

1. e4 c5 2. Bc4 Nc6 3. Nf3 a6 4. Ng5 e6 5. d3 h6 6. Nf3 b5 7. Bb3 d5 8. Bd2 c4
9. exd5 exd5 10. dxc4 dxc4 11. Bxc4 bxc4 12. Qe2+ Be6 13. Nc3 Bb4 14. h3 Nf6 15.
a3 Bc5 16. O-O O-O 17. Ne4 Nxe4 18. Qxe4 Qd7 19. Bc3 f5 20. Qf4 Rad8 21. Rfd1
Qe7 22. Re1 1-0

[Event "AUTO-ADV-2938"]
[Site "http://www.queenalice.com/game.php?id=1209750"]
[Date "2013.8.20"]
[Round "1"]
[White "xavhi2006"]
[Black "marcomasao"]
[Result "0-1"]
[WhiteElo "1759"]
[BlackElo "1785"]

1. d4 d5 2. c4 c6 3. c5 Nf6 4. Nc3 Bd7 5. Nf3 h6 6. Bf4 e6 7. e3 Be7 8. Ne5 Na6
9. Bxa6 bxa6 10. O-O Qb8 11. b3 Nh5 12. Qxh5 g6 13. Nxg6 Qb7 14. Nxh8 O-O-O 15.
Nxf7 Be8 16. Qg6 Qd7 17. Qg8 Bxf7 18. Qxf7 Rf8 19. Qg7 h5 20. Bd6 Re8 21. e4 h4
22. e5 Qb7 23. Qf7 Kd8 0-1

[Event "AUTO-ADV-2938"]
[Site "http://www.queenalice.com/game.php?id=1209765"]
[Date "2013.8.20"]
[Round "1"]
[White "RobertD"]
[Black "xavhi2006"]
[Result "1-0"]
[WhiteElo "1842"]
[BlackElo "1835"]

1. e4 c5 2. Bc4 Nc6 3. Qh5 e6 4. Nf3 Nf6 5. Qh4 Nd4 6. Nxd4 cxd4 7. e5 Nd5 8.
Qxd4 b6 9. Bxd5 exd5 10. Qxd5 Ba6 11. d3 Bc5 12. O-O O-O 13. Nc3 Qc7 14. Qe4 Bb7
15. Qf5 Rae8 16. Bf4 d6 17. exd6 Qc6 18. Ne4 g6 19. Qh3 Kg7 20. Bh6+ Kg8 21.
Nf6+ Kh8 22. Bxf8 Qxg2+ 23. Qxg2 Bxg2 24. Nxe8 Bxf1 25. Kxf1 Kg8 26. d7 1-0

[Event "AUTO-ADV-2938"]
[Site "http://www.queenalice.com/game.php?id=1209766"]
[Date "2013.8.20"]
[Round "1"]
[White "xavhi2006"]
[Black "RobertD"]
[Result "0-1"]
[WhiteElo "1812"]
[BlackElo "1858"]

1. d4 d5 2. c4 Nf6 3. Nf3 Bf5 4. Nc3 e6 5. a3 a5 6. Ne5 c6 7. Bg5 h6 8. Bh4 Be7
9. c5 Nbd7 10. Bxf6 Bxf6 11. b4 Nxe5 12. dxe5 Bxe5 13. Rc1 axb4 14. axb4 O-O 15.
e3 Ra3 16. Nb5 cxb5 17. Bxb5 Bc3+ 18. Rxc3 Rxc3 19. O-O Ra3 20. c6 bxc6 21. Bxc6
Qb6 22. b5 Bd3 23. Qc1 Rb3 24. Rd1 Bxb5 25. Bxb5 Rxb5 26. h4 Rb8 27. Qd2 Rb1 0-1

[Event "AUTO-ADV-2938"]
[Site "http://www.queenalice.com/game.php?id=1209777"]
[Date "2013.8.20"]
[Round "1"]
[White "xavhi2006"]
[Black "pomar"]
[Result "0-1"]
[WhiteElo "1819"]
[BlackElo "2037"]

1. d4 e6 2. c4 d5 3. a3 dxc4 4. Nc3 a6 5. e4 b5 6. Nf3 Bb7 7. a4 c6 8. Ne5 Nd7
9. Nxd7 Qxd7 10. b3 cxb3 11. Qxb3 Qxd4 12. Be3 Qd8 13. axb5 axb5 14. Rxa8 Qxa8
15. Na2 Nf6 16. Bd3 Be7 17. O-O O-O 18. Ra1 Ng4 19. Bd4 e5 20. Bc3 Qb8 21. Bb4
Bd6 22. Nc3 Rd8 23. Be2 Nf6 24. f3 Bxb4 25. Qxb4 h6 26. Bd1 Rd4 27. Qc5 Rc4 28.
Qa7 Qxa7+ 29. Rxa7 Rxc3 30. Rxb7 Rc1 31. Rb8+ Kh7 32. Rd8 g5 33. Kf2 b4 34. Ke2
g4 35. Rd6 Kg7 36. Bb3 c5 37. Rc6 Rc3 38. Bd5 b3 39. Kd2 b2 40. Rb6 gxf3 41.
gxf3 Rxf3 42. Rxb2 Nxd5 43. exd5 Rf2+ 44. Kc3 Rxb2 45. Kxb2 Kf6 46. Kc3 Ke7 47.
Kc4 Kd6 48. h4 h5 0-1

[Event "AUTO-ADV-2938"]
[Site "http://www.queenalice.com/game.php?id=1209778"]
[Date "2013.8.20"]
[Round "1"]
[White "pomar"]
[Black "xavhi2006"]
[Result "1-0"]
[WhiteElo "1971"]
[BlackElo "1851"]

1. f3 d5 2. Kf2 e5 3. e3 Nc6 4. g3 f5 5. c4 d4 6. d3 f4 7. exf4 exf4 8. Bxf4 Nf6
9. Bh3 Nh5 10. Bc1 Bd6 11. Kg2 O-O 12. Bxc8 Qxc8 13. Nh3 Ne5 14. Bf4 Nxf4+ 15.
Nxf4 Qf5 16. Rf1 Ng6 17. Nxg6 Qxg6 18. Qc2 c5 19. Nd2 h5 20. Ne4 h4 21. Nxd6
hxg3 22. Ne4 gxh2+ 23. Kxh2 Kf7 24. Qg2 Rh8+ 25. Kg1 Qh6 26. Ng5+ Kf6 27. f4
Rae8 28. Ne4+ Kf7 29. Rae1 b6 30. Ng5+ Kf6 31. Qc6+ Kf5 32. Qd5+ Kg6 33. Qf7#
1-0

[Event "AUTO-INT-2595"]
[Site "http://www.queenalice.com/game.php?id=1214106"]
[Date "2013.9.3"]
[Round "2"]
[White "APSHOOTER"]
[Black "xavhi2006"]
[Result "1-0"]
[WhiteElo "1617"]
[BlackElo "1790"]

1. e4 c5 2. Bc4 Nc6 3. Nf3 h6 4. Nc3 e5 5. h3 Nf6 6. d3 Be7 7. Be3 d6 8. Nd5 Nd4
9. Nxd4 cxd4 10. Nxf6+ Bxf6 11. Bd2 O-O 12. Qf3 Be6 13. Bxe6 fxe6 14. Qg4 Qe7
15. Bxh6 Kh7 16. Bd2 Rac8 17. O-O-O d5 18. Qh5+ Kg8 19. h4 Rf7 20. Rh2 Qc7 21.
c3 dxc3 22. bxc3 b5 23. g4 b4 24. g5 bxc3 25. Be3 d4 26. gxf6 Qb6 27. f4 Qb2+
28. Rxb2 cxb2+ 29. Kxb2 Rb7+ 30. Ka1 dxe3 31. Rg1 exf4 32. Qe5 Rcc7 33. Qxe6+
Kh8 34. Qe8+ Kh7 35. Rxg7+ 1-0

[Event "AUTO-INT-2595"]
[Site "http://www.queenalice.com/game.php?id=1214107"]
[Date "2013.9.3"]
[Round "2"]
[White "xavhi2006"]
[Black "APSHOOTER"]
[Result "1-0"]
[WhiteElo "1783"]
[BlackElo "1664"]

1. d4 g6 2. e4 Bg7 3. Nf3 b6 4. c4 Bb7 5. Nc3 Nf6 6. Bd3 Nc6 7. a3 e6 8. Bg5 O-O
9. e5 a6 10. exf6 Bxf6 11. Bxf6 Qxf6 12. Ne4 Qg7 13. d5 exd5 14. cxd5 Ne5 15.
Bc2 Nxf3+ 16. gxf3 Qxb2 17. O-O Bxd5 18. Qxd5 Qxc2 19. Qxd7 Rad8 20. Qh3 f5 21.
Ng5 Rd7 22. Rac1 Qa4 23. Qh6 Qf4 24. Rfd1 Rfd8 25. Re1 Rg7 26. h4 c5 27. Qxg7+
Kxg7 28. Ne6+ 1-0

[Event "AUTO-INT-2595"]
[Site "http://www.queenalice.com/game.php?id=1214108"]
[Date "2013.9.3"]
[Round "2"]
[White "Ragnor"]
[Black "xavhi2006"]
[Result "1-0"]
[WhiteElo "2157"]
[BlackElo "1794"]

1. e4 c5 2. Nf3 a6 3. c3 Nc6 4. d4 d5 5. exd5 Qxd5 6. Be2 Bg4 7. h3 Bh5 8. c4
Qd6 9. d5 Bxf3 10. Bxf3 Nd4 11. Be3 Nxf3+ 12. Qxf3 Nf6 13. Nc3 e6 14. dxe6 fxe6
15. Qxb7 Rb8 16. Qa7 Rxb2 17. O-O Be7 18. Na4 Rc2 19. Rfd1 Qc6 20. Rab1 O-O 21.
Qxe7 Ne4 22. Rb7 Qxb7 23. Qxb7 Nxf2 24. Rd7 1-0

[Event "AUTO-INT-2595"]
[Site "http://www.queenalice.com/game.php?id=1214109"]
[Date "2013.9.3"]
[Round "2"]
[White "xavhi2006"]
[Black "Ragnor"]
[Result "0-1"]
[WhiteElo "1792"]
[BlackElo "2174"]

1. d4 Nf6 2. c4 e6 3. a3 b6 4. Nc3 d5 5. Bg5 dxc4 6. e4 Be7 7. Bxc4 Nxe4 8. Bxe7
Nxc3 9. Bxd8 Nxd1 10. Rxd1 Kxd8 11. d5 Ke7 12. Nf3 Ba6 13. Bxa6 Nxa6 14. b4 exd5
15. Rxd5 Rhe8 16. O-O Kf8 17. Re1 Rxe1+ 18. Nxe1 c5 19. Nc2 cxb4 20. Nxb4 Nxb4
21. axb4 a5 22. Rb5 a4 23. Rd5 a3 24. Rd1 Ra4 25. Ra1 Rxb4 26. f3 Rb3 27. Kf1 b5
28. Ke1 b4 29. Kd1 Rb2 30. Kc1 Rxg2 31. Kb1 Rxh2 32. Ra2 Rxa2 33. Kxa2 h5 0-1